000 00621nam a22002057a 4500
999 _c11381
_d11381
003 AR-CdUCM
008 190403b ||||| |||| 00| 0 spa d
040 _aMUNICIPALIDAD PROVINCIAL DEL CUSCO
_cBIBLIOTECA MUNICIPAL DEL CUSCO
082 _aC / 869.56 /
_bR36C
100 _aReinaga, Julia A. de
_928709
245 _aCristal :
_bPoemas de amor y nostalgia /
260 _aCusco :
_bGarcilaso,
_c1953.
300 _a42 páginas ;
_bretrato,
_c20 cm.
505 _aContenido: Poemas.
650 _aSiglo XX
_98
650 _aLiteratura Cusqueña
_97280
650 _aPoemas
_9929
942 _2ddc
_cLIBROS
945 _aachl